| Поле | Название | Значение |
| |
Тип записи |
a |
| |
Библиографический уровень |
m |
| 001 |
Контрольный номер |
46c040c396904927b051c3867c738a8a |
| 005 |
Дата корректировки |
20140722141518.0 |
| 010 |
Индекс ISBN |
__ |
| a |
ISBN |
5-279-02169-5 |
| 200 |
Заглавие и сведения об ответственности |
1_ |
| a |
Заглавие |
Практикум по разработке бизнес-плана и финансовому анализу предприятия |
| e |
Сведения, относящиеся к заглавию |
Учеб. пособие для вузов |
| f |
Первые сведения об ответственности |
Сухова Лилия Федоровна, Чернова Нина Александровна |
| 210 |
Выходные данные |
1_ |
| a |
Место издания |
М. |
| c |
Издательство |
Финансы и статистика |
| d |
Дата издания |
2000 |
| 215 |
Физическое описание |
__ |
| a |
Объем |
158 с. |
| 300 |
Общие примечания |
__ |
| a |
Общие примечания |
3экз. |
| 610 |
Ключевые слова |
0_ |
| a |
Ключевые слова |
бизнес-план |
| 610 |
Ключевые слова |
0_ |
| a |
Ключевые слова |
финансовый анализ предприятия |
| 610 |
Ключевые слова |
0_ |
| a |
Ключевые слова |
маркетинг |
| 610 |
Ключевые слова |
0_ |
| a |
Ключевые слова |
планирование |
| 686 |
Индексы других классификаций |
__ |
| a |
Классификационный индекс |
65.050.9(2)24я73 |
| 2 |
Код системы |
rubbk |
| 686 |
Индексы других классификаций |
__ |
| a |
Классификационный индекс |
65.053.9(2) |
| 2 |
Код системы |
rubbk |
| 686 |
Индексы других классификаций |
__ |
| a |
Классификационный индекс |
65.9(2)261.9 |
| 2 |
Код системы |
rubbk |
| 700 |
Автор |
_1 |
| a |
Фамилия |
Сухова Лилия Федоровна |
| 701 |
Альтернативная интеллектуальная ответственность |
_1 |
| a |
Фамилия |
Чернова Нина Александровна |
| 801 |
Источник записи |
_0 |
| a |
Страна |
RU |
| b |
Организация |
РУК |
| c |
Дата составления |
20001209 |
| g |
Правила каталогизации |
PSBO |
| 801 |
Источник записи |
_1 |
| a |
Страна |
RU |
| b |
Организация |
РУК |
| c |
Дата составления |
20001209 |
| g |
Правила каталогизации |
PSBO |
| 852 |
Данные о местонахождении |
__ |
| i |
Авторский знак |
С91 |
| j |
Шифр хранения |
ББК 65.050 |
| 901 |
Тип документа |
__ |
| t |
Тип документа |
m |
| 938 |
Служебная информация |
__ |
| a |
Название организации |
Головной вуз |
| b |
Имя БД |
BOOK |
| c |
Название АИБС |
АИБС ИРБИС |